000 00555nam a2200193 a 4500
001 2328
005 20140414132005.0
008 010328s19uu xx 00 eng d
020 _a0-8445-0526-9
050 _aTR 421.07
_bR72 1987
100 _aRoser, Nancy L.
245 _aLaidlaw spelling, 6 /
_cNancy L. Roser.
250 _aTeacher's Edition
260 _aRiver Forest, Illinois :
_bLaidlaw Brothers,
_c1987.
300 _aT24 p. : viii p. ; 213 cm.
440 _aLaidlaw
650 _aEnglish language - study and teaching.
999 _c113158
_d113158